[Event "Blankenese op 1st"]
[Site "Hamburg"]
[Date "2017.10.03"]
[Round "4.22"]
[White "Krueger, Marian"]
[Black "Knops, Peter"]
[Result "0-1"]
[WhiteElo "1692"]
[BlackElo "1940"]
[PlyCount "127"]
[EventDate "2017.09.30"]
[EventType "swiss"]
[EventRounds "7"]
[EventCountry "GER"]
[SourceTitle "EXT 2020"]
[Source "ChessBase"]
[SourceDate "2019.10.17"]
[SourceVersion "1"]
[SourceVersionDate "2019.10.17"]
[SourceQuality "1"]

1. Nf3 c5 2. g3 Nc6 3. Bg2 g6 4. d3 Bg7 5. e4 d6 6. Nc3 Rb8 7. Nd5 e6 8. Ne3 Nge7 9. 0-0 0-0 10. Nh4 e5 11. f4 exf4 12. gxf4 f5 13. exf5 Nxf5 14. Nhxf5 Bxf5 15. Nxf5 Rxf5 16. Qg4 d5 17. Kh1 Kh8 18. c4 Ne7 19. Rb1 dxc4 20. Be4 Rf8 21. dxc4 Qd4 22. Qe2 Nf5 23. Rd1 Qf6 24. Qf2 b6 25. b3 Rbd8 26. Rxd8 Qxd8 27. Bb2 Bxb2 28. Qxb2+ Qd4 29. Qxd4+ Nxd4 30. Rf1 Kg7 31. Kg2 Re8 32. Bb1 Kf6 33. h4 Re7 34. h5 gxh5 35. Rh1 Ne2 36. Rh4 Nc3 37. Bd3 Rd7 38. Bf1 Kf5 39. Kf3 Kg6 40. a3 Nb1 41. Ke3 Nc3 42. Bd3+ Kh6 43. Bf5 Nd1+ 44. Ke4 Re7+ 45. Kd3 Nf2+ 46. Kd2 Ne4+ 47. Kd3 Nf6 48. Rh3 Re1 49. Re3 Rf1 50. Re6 Rxf4 51. Rxf6+ Kg5 52. Rf7 Rxf5 53. Rxh7 a5 54. Ke4 Rf6 55. Rg7+ Rg6 56. Rd7 Kg4 57. Ke3 Kg3 58. Ke2 h4 59. Kf1 Rf6+ 60. Kg1 Rf3 61. b4 Rxa3 62. Rg7+ Kh3 63. bxc5 bxc5 64. Rg3+ 0-1

[Event "Hamburg St Pauli op-A"]
[Site "Hamburg"]
[Date "2014.07.19"]
[Round "1"]
[White "Knops, Peter"]
[Black "Johansson, Gunnar"]
[Result "0-1"]
[WhiteElo "2005"]
[BlackElo "2243"]
[PlyCount "56"]
[EventDate "2014.07.19"]
[EventType "swiss"]
[EventRounds "9"]
[EventCountry "GER"]
[SourceTitle "CBM 161 Extra"]
[Source "ChessBase"]
[SourceDate "2014.08.29"]
[SourceVersion "1"]
[SourceVersionDate "2014.08.29"]
[SourceQuality "1"]

1. e4 c5 2. Nf3 e6 3. d3 Nc6 4. g3 Nge7 5. Bg2 g6 6. 0-0 Bg7 7. c3 0-0 8. d4 d5 9. exd5 Nxd5 10. dxc5 Qe7 11. Nbd2 Qxc5 12. Ne4 Qe7 13. Bg5 f6 14. c4 fxg5 15. cxd5 g4 16. d6 Qd8 17. Nfg5 h6 18. Qxg4 hxg5 19. Rad1 Rf5 20. d7 Bxd7 21. Nd6 Qe7 22. Nxf5 gxf5 23. Qc4 Rc8 24. Qb3 b6 25. Rfe1 Nd4 26. Qd3 Bc6 27. Rc1 Rd8 28. Qa6 Bb5 0-1

[Event "Bargteheide op"]
[Site "Bargteheide"]
[Date "2011.06.02"]
[Round "1"]
[White "Michna, Marta"]
[Black "Knops, Peter"]
[Result "1-0"]
[WhiteElo "2393"]
[BlackElo "2061"]
[PlyCount "61"]
[EventDate "2011.06.02"]
[EventType "swiss"]
[EventRounds "7"]
[EventCountry "GER"]
[SourceTitle "CBM 142 Extra"]
[Source "ChessBase"]
[SourceDate "2011.06.27"]
[SourceVersion "1"]
[SourceVersionDate "2011.06.27"]
[SourceQuality "1"]

1. f4 d5 2. Nf3 Bg4 3. e3 Nd7 4. Be2 Bxf3 5. Bxf3 Ngf6 6. b3 e5 7. fxe5 Nxe5 8. Bb2 Bd6 9. Qe2 Qe7 10. c4 dxc4 11. bxc4 0-0 12. 0-0 Rad8 13. Kh1 c6 14. d4 Nxf3 15. gxf3 Nh5 16. Rg1 Rfe8 17. e4 Bf4 18. Nd2 Qh4 19. Nf1 Re6 20. Ne3 Qh3 21. Nf1 Rh6 22. d5 g6 23. Rd1 Ng3+ 24. Nxg3 Bxg3 25. Rg2 Bc7 26. Ba1 Rh5 27. e5 cxd5 28. cxd5 Bxe5 29. Bxe5 Re8 30. f4 f6 31. Qb5 1-0

[Event "Pinneberg-ch"]
[Site "Pinneberg"]
[Date "2010.09.02"]
[Round "2"]
[White "Dangelowski, Peter"]
[Black "Knops, Peter"]
[Result "0-1"]
[WhiteElo "1805"]
[BlackElo "2063"]
[PlyCount "38"]
[EventDate "2010.08.26"]
[EventType "swiss"]
[EventRounds "7"]
[EventCountry "GER"]
[SourceTitle "EXT 2011"]
[Source "ChessBase"]
[SourceDate "2010.11.26"]
[SourceVersion "1"]
[SourceVersionDate "2010.11.26"]
[SourceQuality "1"]

1. d4 d5 2. Bf4 Nf6 3. e3 e6 4. Bd3 c5 5. c3 Nc6 6. Nd2 Bd6 7. Bg3 0-0 8. Ngf3 Qe7 9. Ne5 Nd7 10. f4 f6 11. Nef3 e5 12. fxe5 fxe5 13. dxe5 Ndxe5 14. Qe2 Bg4 15. 0-0-0 d4 16. cxd4 cxd4 17. Bxe5 Nxe5 18. exd4 Nxd3+ 19. Qxd3 Rac8+ 0-1

[Event "Pinneberg-ch"]
[Site "Pinneberg"]
[Date "2008.10.10"]
[Round "7"]
[White "Gollasch, Theo Heinz"]
[Black "Knops, Peter"]
[Result "1/2-1/2"]
[WhiteElo "2100"]
[BlackElo "2025"]
[PlyCount "47"]
[EventDate "2008.08.28"]
[EventType "swiss"]
[EventRounds "7"]
[EventCountry "GER"]
[SourceTitle "EXT 2011"]
[Source "ChessBase"]
[SourceDate "2010.11.26"]
[SourceVersion "1"]
[SourceVersionDate "2010.11.26"]
[SourceQuality "1"]

1. Nf3 c5 2. g3 Nc6 3. c4 e5 4. d3 g6 5. Bg2 Bg7 6. Nc3 Nge7 7. a3 d6 8. 0-0 0-0 9. Rb1 a5 10. Ne1 Be6 11. Nd5 Rb8 12. Nxe7+ Nxe7 13. b4 cxb4 14. axb4 b5 15. cxb5 Rxb5 16. Bd2 axb4 17. Rxb4 Rxb4 18. Bxb4 Qb6 19. Qd2 Nd5 20. Ba5 Qb5 21. e4 Ne7 22. Bb4 Rd8 23. Ba5 Ra8 24. Bb4 1/2-1/2

[Event "Pinneberg-ch"]
[Site "Pinneberg"]
[Date "2008.09.04"]
[Round "2"]
[White "Knops, Peter"]
[Black "Putzbach, Gerd"]
[Result "1-0"]
[WhiteElo "2025"]
[BlackElo "2297"]
[PlyCount "49"]
[EventDate "2008.08.28"]
[EventType "swiss"]
[EventRounds "7"]
[EventCountry "GER"]
[SourceTitle "EXT 2011"]
[Source "ChessBase"]
[SourceDate "2010.11.26"]
[SourceVersion "1"]
[SourceVersionDate "2010.11.26"]
[SourceQuality "1"]

1. e4 c5 2. Nf3 e6 3. d4 cxd4 4. Nxd4 Nf6 5. Nc3 d6 6. g4 Nc6 7. g5 Nd7 8. Be3 Be7 9. Rg1 0-0 10. Qh5 Nxd4 11. Bxd4 a6 12. 0-0-0 Re8 13. Rg3 b5 14. Bd3 b4 15. Bxg7 Kxg7 16. Qh6+ Kh8 17. e5 Nf8 18. Ne4 Qa5 19. Nf6 Qxe5 20. Bxh7 Qf4+ 21. Kb1 Bxf6 22. Bf5+ Kg8 23. gxf6+ Qxg3 24. hxg3 exf5 25. Qg7# 1-0

[Event "Pinneberg-ch"]
[Site "Pinneberg"]
[Date "2007.09.27"]
[Round "5"]
[White "Knops, Peter"]
[Black "Atri, Jamshid"]
[Result "0-1"]
[WhiteElo "2061"]
[BlackElo "2109"]
[PlyCount "96"]
[EventDate "2007.08.30"]
[EventType "swiss"]
[EventRounds "7"]
[EventCountry "GER"]
[SourceTitle "CBM 120 Extra"]
[Source "ChessBase"]
[SourceDate "2007.11.01"]
[SourceVersion "1"]
[SourceVersionDate "2007.11.01"]
[SourceQuality "1"]

1. e4 e5 2. Nc3 Nf6 3. Bc4 Nc6 4. d3 Na5 5. Nge2 Nxc4 6. dxc4 Bc5 7. 0-0 d6 8. Qd3 a6 9. b3 h6 10. h3 0-0 11. Be3 Bxe3 12. Qxe3 Nd7 13. Ng3 Nc5 14. Rad1 Bd7 15. a4 Ne6 16. Nce2 Qg5 17. Qxg5 hxg5 18. Nf5 Rae8 19. Ne3 b5 20. axb5 axb5 21. Rfe1 bxc4 22. Nxc4 Nf4 23. Nxf4 gxf4 24. f3 f5 25. Nd2 Bc6 26. Ra1 fxe4 27. Nxe4 Ra8 28. Nc3 Kf7 29. Kf2 Ke6 30. Na2 Rfb8 31. Nc3 Rxa1 32. Rxa1 Ra8 33. Re1 d5 34. g3 g5 35. gxf4 gxf4 36. Rg1 Kf6 37. Rd1 d4 38. Ne2 Ra2 39. Rd2 Bb5 40. Nc1 Rb2 41. Ke1 c5 42. Rf2 c4 43. bxc4 Bxc4 44. Kd2 Rb8 45. Rh2 Bd5 46. Rf2 Rh8 47. c3 dxc3+ 48. Kxc3 Rxh3 0-1

[Event "Pinneberg-ch"]
[Site "Pinneberg"]
[Date "2007.09.20"]
[Round "4"]
[White "Thielscher, Rene"]
[Black "Knops, Peter"]
[Result "0-1"]
[WhiteElo "1646"]
[BlackElo "2061"]
[PlyCount "108"]
[EventDate "2007.08.30"]
[EventType "swiss"]
[EventRounds "7"]
[EventCountry "GER"]
[SourceTitle "CBM 120 Extra"]
[Source "ChessBase"]
[SourceDate "2007.11.01"]
[SourceVersion "1"]
[SourceVersionDate "2007.11.01"]
[SourceQuality "1"]

1. a3 d5 2. b4 c6 3. Bb2 a5 4. bxa5 Qxa5 5. e3 Nd7 6. Nf3 Ngf6 7. Be2 e6 8. 0-0 Bd6 9. d3 0-0 10. e4 Qc7 11. Nbd2 Re8 12. Re1 b6 13. Bf1 e5 14. g3 Bb7 15. d4 Nxe4 16. Nxe4 dxe4 17. Rxe4 c5 18. Rh4 exd4 19. Bb5 Bc6 20. Qd3 Nf6 21. Ng5 h6 22. Bxc6 Qxc6 23. Nh3 Ra7 24. Nf4 Rae7 25. Ng2 Re2 26. Qf5 R8e5 27. Qd3 Qd5 28. Rf1 R5e4 29. f3 Re8 30. Rf2 Rxf2 31. Kxf2 Qe6 32. Bc1 c4 33. Qd1 Bc5 34. Kf1 b5 35. Nf4 Qd6 36. Ng2 Bxa3 37. Rxd4 Qe7 38. Bxa3 Qxa3 39. Rd8 Rxd8 40. Qxd8+ Kh7 41. Qd1 Qc3 42. Qe2 b4 43. Ne3 b3 44. cxb3 cxb3 45. Nd1 Qc2 46. Nb2 g6 47. Ke1 Qc3+ 48. Kf2 Nd5 49. Nd1 Qd4+ 50. Ke1 Nc3 51. Nxc3 Qxc3+ 52. Kd1 Qa1+ 53. Kd2 Qa2+ 54. Kd1 Qxe2+ 0-1

[Event "Hamburg HSK Elo op 5th"]
[Site "Hamburg"]
[Date "2007.05.01"]
[Round "6.14"]
[White "Knops, Peter"]
[Black "Suntrup, Robert"]
[Result "1/2-1/2"]
[WhiteElo "2035"]
[BlackElo "1728"]
[PlyCount "44"]
[EventDate "2007.04.28"]
[EventType "swiss"]
[EventRounds "7"]
[EventCountry "GER"]
[SourceTitle "EXT 2009"]
[Source "ChessBase"]
[SourceDate "2008.11.26"]
[SourceVersion "1"]
[SourceVersionDate "2008.11.26"]
[SourceQuality "1"]

1. e4 c6 2. d4 d5 3. exd5 cxd5 4. c4 e6 5. Nc3 Nf6 6. Nf3 Be7 7. Bg5 dxc4 8. Bxc4 Nbd7 9. 0-0 0-0 10. a3 a6 11. Re1 b5 12. Ba2 Bb7 13. Qe2 Re8 14. Ne5 Nxe5 15. dxe5 Nd7 16. Bxe7 Qxe7 17. Rad1 Rad8 18. Bb1 Nf8 19. Ne4 Bxe4 20. Qxe4 Rxd1 21. Rxd1 Rd8 22. g3 Qc5 1/2-1/2

[Event "Hamburg HSK Elo op 5th"]
[Site "Hamburg"]
[Date "2007.05.01"]
[Round "7.13"]
[White "Schroeder, Kai Uwe"]
[Black "Knops, Peter"]
[Result "1/2-1/2"]
[WhiteElo "1799"]
[BlackElo "2035"]
[PlyCount "79"]
[EventDate "2007.04.28"]
[EventType "swiss"]
[EventRounds "7"]
[EventCountry "GER"]
[SourceTitle "EXT 2009"]
[Source "ChessBase"]
[SourceDate "2008.11.26"]
[SourceVersion "1"]
[SourceVersionDate "2008.11.26"]
[SourceQuality "1"]

1. e4 c5 2. Nf3 d6 3. d4 cxd4 4. Nxd4 Nf6 5. Nc3 g6 6. Be3 Bg7 7. f3 Nc6 8. Qd2 0-0 9. 0-0-0 d5 10. exd5 Nxd5 11. Nxc6 bxc6 12. Nxd5 cxd5 13. Qxd5 Qc7 14. Qxa8 Bf5 15. Qxf8+ Kxf8 16. Rd2 h5 17. Be2 Kg8 18. g4 hxg4 19. fxg4 Qb7 20. Rd8+ Kh7 21. Rf1 Qxb2+ 22. Kd1 Qa1+ 23. Bc1 Bh6 24. Rd2 Be6 25. h4 Bxd2 26. Kxd2 Qd4+ 27. Ke1 Qc3+ 28. Kd1 Bxa2 29. h5 Bc4 30. hxg6+ Kxg6 31. Rf5 Bxe2+ 32. Kxe2 Qxc2+ 33. Bd2 Qe4+ 34. Kf2 e5 35. Rg5+ Kf6 36. Rg8 Qd5 37. Bg5+ Ke6 38. Re8+ Kd7 39. Rd8+ Ke6 40. Re8+ 1/2-1/2

[Event "Hamburg HSK Elo op 5th"]
[Site "Hamburg"]
[Date "2007.04.30"]
[Round "5.6"]
[White "Hebbinghaus, Holger"]
[Black "Knops, Peter"]
[Result "1-0"]
[WhiteElo "2316"]
[BlackElo "2035"]
[PlyCount "129"]
[EventDate "2007.04.28"]
[EventType "swiss"]
[EventRounds "7"]
[EventCountry "GER"]
[SourceTitle "EXT 2009"]
[Source "ChessBase"]
[SourceDate "2008.11.26"]
[SourceVersion "1"]
[SourceVersionDate "2008.11.26"]
[SourceQuality "1"]

1. e4 c5 2. Nf3 d6 3. Bb5+ Nd7 4. d4 Ngf6 5. Nc3 cxd4 6. Qxd4 e5 7. Qd3 h6 8. Nd2 Be7 9. Nc4 0-0 10. Bxd7 Bxd7 11. Ne3 Be6 12. 0-0 Rc8 13. b3 Re8 14. Bb2 Bf8 15. Rad1 a6 16. a4 Qb6 17. Kh1 Qb4 18. f4 Rc6 19. f5 Bd7 20. Ncd5 Nxd5 21. Nxd5 Qa5 22. c4 Rcc8 23. Bc3 Qd8 24. a5 Bc6 25. Nb6 Qh4 26. Rfe1 Rb8 27. b4 Red8 28. b5 axb5 29. cxb5 Be8 30. Na4 Rdc8 31. Bb4 Qd8 32. Nb6 Rc7 33. Nd5 Rcc8 34. Rb1 Kh8 35. Nb6 Rc7 36. Nd5 Rcc8 37. Red1 Qh4 38. Re1 Rd8 39. Kg1 Rdc8 40. Nb6 Rd8 41. Nd5 Rdc8 42. Bd2 Rc5 43. a6 bxa6 44. bxa6 Ra8 45. g3 Qd8 46. Be3 Rc6 47. a7 Bd7 48. Rb7 Qa5 49. Reb1 Bc8 50. R7b6 Rc5 51. Bxc5 dxc5 52. Rb8 Qxa7 53. Rxa8 Qxa8 54. Nb6 Qc6 55. Nxc8 Qxc8 56. Qd5 c4 57. Ra1 Qc5+ 58. Qxc5 Bxc5+ 59. Kf1 Bd4 60. Ra8+ Kh7 61. Rf8 f6 62. Ke2 h5 63. h4 c3 64. Rc8 Kh6 65. Rh8# 1-0

[Event "Pinneberg-ch"]
[Site "Pinneberg"]
[Date "2006.09.28"]
[Round "7.12"]
[White "Knops, Peter"]
[Black "Meyerhold, Sven"]
[Result "1-0"]
[WhiteElo "2061"]
[BlackElo "1944"]
[PlyCount "101"]
[EventDate "2006.08.22"]
[EventType "swiss"]
[EventRounds "7"]
[EventCountry "GER"]
[SourceTitle "EXT 2007"]
[Source "ChessBase"]
[SourceDate "2006.11.23"]
[SourceVersion "1"]
[SourceVersionDate "2006.11.23"]
[SourceQuality "1"]

1. e4 c5 2. Nf3 d6 3. d4 cxd4 4. Nxd4 Nf6 5. Nc3 a6 6. Bg5 e6 7. f4 Be7 8. Qf3 Nbd7 9. 0-0-0 h6 10. Bh4 g5 11. fxg5 Ne5 12. gxf6 Nxf3 13. fxe7 Qb6 14. Nxf3 Rg8 15. Kb1 Rg4 16. h3 Rxh4 17. Nxh4 Qf2 18. Nf3 Kxe7 19. Rd2 Qg3 20. Bd3 Bd7 21. Rhd1 Rd8 22. Rf1 Qg7 23. Rdf2 Be8 24. Nh4 Kd7 25. g4 Kc8 26. Ng2 Rd7 27. Nf4 Re7 28. Nh5 Qe5 29. Nf6 Qg3 30. Rf3 Qh4 31. Nxe8 Rxe8 32. Ne2 Re7 33. Nf4 d5 34. exd5 exd5 35. Ng2 Qg5 36. a3 Qe5 37. Nh4 Kb8 38. Nf5 Re6 39. c3 Rb6 40. Nd4 Qh2 41. R1f2 Qh1+ 42. Bf1 f6 43. Ka2 a5 44. Rg2 a4 45. Rgf2 Rd6 46. Bb5 Qd1 47. Rf1 Qd2 48. Bxa4 Rb6 49. Bb3 Ka7 50. Rxf6 Rxf6 51. Rxf6 1-0

[Event "Pinneberg-ch"]
[Site "Pinneberg"]
[Date "2006.09.08"]
[Round "4.13"]
[White "Knops, Peter"]
[Black "Draeger, Klaus"]
[Result "1-0"]
[WhiteElo "2061"]
[BlackElo "1932"]
[PlyCount "55"]
[EventDate "2006.08.22"]
[EventType "swiss"]
[EventRounds "7"]
[EventCountry "GER"]
[SourceTitle "EXT 2007"]
[Source "ChessBase"]
[SourceDate "2006.11.23"]
[SourceVersion "1"]
[SourceVersionDate "2006.11.23"]
[SourceQuality "1"]

1. e4 c6 2. d4 d5 3. exd5 cxd5 4. c4 Nf6 5. Nc3 e6 6. Nf3 Nc6 7. c5 a6 8. Bf4 b6 9. b4 Bd7 10. Rb1 Be7 11. a4 Ne4 12. Qc2 f5 13. b5 Nxd4 14. Nxd4 Nxc3 15. Qxc3 bxc5 16. Nc6 Bxc6 17. bxc6 d4 18. Qg3 Qd5 19. Be2 Qe4 20. 0-0 Qxe2 21. Qxg7 Rf8 22. Rb7 Rf7 23. Qh8+ Rf8 24. Qxh7 Rf7 25. Qg8+ Rf8 26. Qg6+ Kd8 27. Rd7+ Kc8 28. Rxe7 1-0

[Event "Hamburg Junge op"]
[Site "Hamburg"]
[Date "2005.10.06"]
[Round "6"]
[White "Christ, Ralf"]
[Black "Knops, Peter"]
[Result "1-0"]
[WhiteElo "2314"]
[BlackElo "2079"]
[PlyCount "53"]
[EventDate "2005.10.01"]
[EventType "swiss"]
[EventRounds "9"]
[EventCountry "GER"]
[SourceTitle "CBM 108 Extra"]
[Source "ChessBase"]
[SourceDate "2005.11.04"]
[SourceVersion "1"]
[SourceVersionDate "2005.11.04"]
[SourceQuality "1"]

1. Nf3 d5 2. d4 Nf6 3. c4 c6 4. Nc3 e6 5. cxd5 cxd5 6. Bf4 Nc6 7. e3 Ne4 8. Nxe4 dxe4 9. Nd2 f5 10. a3 Be7 11. b4 a6 12. Bc4 Bf6 13. Qb3 Qe7 14. Rd1 b5 15. Be2 e5 16. Qc2 Bd7 17. dxe5 Nxe5 18. Nb3 0-0 19. Nc5 Be8 20. 0-0 Bf7 21. Bxe5 Bxe5 22. Rd7 Qh4 23. g3 Qg5 24. a4 Be8 25. Ne6 Qg6 26. Nxf8 Kxf8 27. Qc5+ 1-0

[Event "Hamburg Junge op"]
[Site "Hamburg"]
[Date "2005.10.01"]
[Round "1"]
[White "Potkin, Vladimir"]
[Black "Knops, Peter"]
[Result "1-0"]
[WhiteElo "2555"]
[BlackElo "2079"]
[PlyCount "33"]
[EventDate "2005.10.01"]
[EventType "swiss"]
[EventRounds "9"]
[EventCountry "GER"]
[SourceTitle "CBM 108 Extra"]
[Source "ChessBase"]
[SourceDate "2005.11.04"]
[SourceVersion "1"]
[SourceVersionDate "2005.11.04"]
[SourceQuality "1"]

1. e4 c5 2. Nf3 d6 3. d4 cxd4 4. Nxd4 Nf6 5. Nc3 g6 6. Be3 Bg7 7. f3 Nc6 8. Qd2 0-0 9. Bc4 Bd7 10. h4 h5 11. 0-0-0 Rc8 12. Bb3 Ne5 13. Bg5 Rc5 14. Rhe1 Bc6 15. f4 Neg4 16. Nxc6 bxc6 17. e5 1-0

[Event "Hamburg League qual"]
[Site "Hamburg"]
[Date "2004.10.10"]
[Round "2"]
[White "Knops, Peter"]
[Black "Ma, Beini"]
[Result "1-0"]
[WhiteElo "1883"]
[BlackElo "1510"]
[PlyCount "67"]
[EventDate "2004.10.09"]
[EventType "swiss"]
[EventRounds "7"]
[EventCountry "GER"]
[SourceTitle "EXT 2006"]
[Source "ChessBase"]
[SourceDate "2005.11.24"]
[SourceVersion "1"]
[SourceVersionDate "2005.11.24"]
[SourceQuality "1"]

1. e4 c5 2. Nf3 d6 3. d4 cxd4 4. Qxd4 a6 5. c4 Nc6 6. Qd2 Nf6 7. Nc3 Bg4 8. Be2 Bxf3 9. Bxf3 Ne5 10. Be2 g6 11. b3 Bg7 12. Bb2 0-0 13. 0-0 Qa5 14. Rab1 Neg4 15. h3 Bh6 16. Qd4 Qe5 17. Qxe5 Nxe5 18. Nd5 Nxe4 19. Nxe7+ Kh8 20. Rbd1 Nd2 21. Bc1 Nxf1 22. Bxh6 Rfe8 23. Bg5 Kg7 24. Nd5 h6 25. Bf6+ Kf8 26. Kxf1 Rac8 27. f4 Nd7 28. Bb2 Nc5 29. Bf3 Ne4 30. Nf6 Nxf6 31. Bxf6 Rc7 32. Rxd6 Re6 33. Be5 Rce7 34. Bd5 1-0

[Event "Hamburg League qual"]
[Site "Hamburg"]
[Date "2004.10.09"]
[Round "1"]
[White "Kammer, Roland"]
[Black "Knops, Peter"]
[Result "1-0"]
[WhiteElo "2154"]
[BlackElo "1883"]
[PlyCount "70"]
[EventDate "2004.10.09"]
[EventType "swiss"]
[EventRounds "7"]
[EventCountry "GER"]
[SourceTitle "EXT 2006"]
[Source "ChessBase"]
[SourceDate "2005.11.24"]
[SourceVersion "1"]
[SourceVersionDate "2005.11.24"]
[SourceQuality "1"]

1. e4 c5 2. Nf3 d6 3. d4 cxd4 4. Nxd4 Nf6 5. Nc3 g6 6. f4 Nc6 7. Nxc6 bxc6 8. e5 Nd7 9. exd6 exd6 10. Bd3 Be7 11. Be3 0-0 12. 0-0 d5 13. f5 Nf6 14. Bh6 Qb6+ 15. Kh1 Qxb2 16. Bxf8 Kxf8 17. Qd2 Kg7 18. Rab1 Qa3 19. Rf3 Qd6 20. Rbf1 Bd7 21. Ne2 c5 22. c3 Rf8 23. Ng3 h6 24. fxg6 fxg6 25. Qc2 Be8 26. Qe2 Bd7 27. h3 Nh7 28. Rxf8 Nxf8 29. Qf3 Be6 30. Ne2 Bg8 31. Nf4 Bg5 32. Ne2 Be7 33. Rb1 c4 34. Bc2 Qc7 35. Nf4 Qd7 1-0